| 000 | 00698nam a2200193 i 4500 | ||
|---|---|---|---|
| 001 | 21062 | ||
| 003 | ES-MaACL | ||
| 005 | 20230906152418.0 | ||
| 007 | t| | ||
| 008 | 021121s1966 sp ||||1| spa d | ||
| 100 | 1 |
_aAgazzi, Aldo. _918537 |
|
| 245 | 1 | 0 |
_aHistoria de la filosofía y pedagogía / _cAldo Agazzi ; versión Gonzalo Gironés. |
| 260 |
_aAlcoy : _bMarfil, _c1966. |
||
| 300 |
_a1 v. ; _c21 cm. |
||
| 505 | 8 | _aContiene: V. 3: Del idealismo post- Rantiano a la filosofía y los métodos educativos modernos. | |
| 700 | 1 |
_aGironés, Gonzalo. _957302 |
|
| 740 | 0 | _aDel idealismo post- Rantiano a la filosofía y los métodos educativos modernos. | |
| 852 |
_aES-MaACL _jC-31616 _bR.61619 |
||
| 999 |
_c21062 _d21062 |
||